Vol de nuit
保存先:
| 第一著者: | |
|---|---|
| フォーマット: | 図書 |
| 言語: | Undetermined |
| 出版事項: |
Londres, Inglaterra
Heinemann Educational Books
1966
|
| 主題: | |
| タグ: |
タグ追加
タグなし, このレコードへの初めてのタグを付けませんか!
|
MARC
| LEADER | 00000nam a2200000Ia 4500 | ||
|---|---|---|---|
| 008 | 170316s9999 xx 000 0 und d | ||
| 040 | |a cru BVZT | ||
| 090 | |a 840 S-3v | ||
| 100 | |a Saint- Exupery, Antoine de | ||
| 245 | |a Vol de nuit | ||
| 260 | |a Londres, Inglaterra | ||
| 260 | |b Heinemann Educational Books | ||
| 260 | |c 1966 | ||
| 300 | |a 87 páginas | ||
| 650 | |a LITERATURA FRANCESA | ||
| 999 | |c 8012 |d 8012 | ||
| 942 | |c 15 D |h 840 S-3v |2 z | ||
